Welcome to the Holygrace Academy Library

Please use search bar below to get started

THE WONDERFUL STORY OF HENRY SUGAR AND SIX MORE (Record no. 8439)

MARC details
000 -LEADER
fixed length control field 00437nam a22001337a 4500
082 ## - DEWEY DECIMAL CLASSIFICATION NUMBER
Classification number 823
Item number DAH/R
100 ## - MAIN ENTRY--AUTHOR NAME
Personal name DAHL,ROALD
245 ## - TITLE STATEMENT
Title THE WONDERFUL STORY OF HENRY SUGAR AND SIX MORE
246 ## - VARYING FORM OF TITLE
Title proper/short title THE WONDERFUL STORY OF HENRY SUGAR AND SIX MORE
Remainder of title THE WONDERFUL STORY OF HENRY SUGAR AND SIX MORE
260 ## - PUBLICATION, DISTRIBUTION, ETC. (IMPRINT)
Place of publication LONDON
Name of publisher PUFFIN BOOKS
Year of publication 2001
300 ## - PHYSICAL DESCRIPTION
Number of Pages 212
520 ## - SUMMARY, ETC.
Summary, etc FULL OF ROALD DAHL'S USUAL MAGIC, MYSTERY AND SUSPENSE
942 ## - ADDED ENTRY ELEMENTS (KOHA)
Koha item type Books
Holdings
Withdrawn status Lost status Collection code Home library Current library Shelving location Date acquired Source of acquisition Full call number Accession Number Koha item type
    Fiction Main Library Main Library SHELF-12B-CHICKEN SOUP,ROALD DAH 23/10/2006 PURCHASED 823 DAH/R 03611 Books